LDR 01224naa#a2200253#i#450# 001 EN\INFRA-M\bibl\114629 005 20260701234750.3 011 ## _a2587-9111 100 ## _a20260417b2026####ek#y0engy0150####ca 102 ## _aRU 200 1# _aCybersecurity Risk Management in Small and Medium-Sized Businesses _eJournal article 210 1# _aMoscow _cINFRA-M Academic Publishing LLC. _d2026 215 ## _a6 с. 606 ## _aОрганизация и технология защиты информации. 10.02.01 _2local 608 ## _aJournal article _2local 675 ## _aЭкономическая политика. Управление и планирование в экономике. 338.2 _aЭкономика. Экономические науки. 33 _z 686 ## _aЭкономика предприятия (фирмы). 6529 _2bbk 686 ## _aУправление рисками. 7837 _2tbk 686 ## _aЭкономика и организация предприятия. Управление предприятием. 06.81 _2grnti 700 #1 _aTsoy _gValentin Valerievich 700 #1 _aKikot _gArtem Vyacheslav 700 #1 _aKochetkova _gElena Alexandrovna 700 #1 _aVodolazhenko _gRoman Anatolyevich 856 4# _anaukaru.ru _u